000 00378nam a2200133Ia 4500
008 130318s9999 xx 000 0 und d
020 _a792398947
082 _a004.33 KOP/R
100 _aKopetz, Hermann
245 _aRealtime systems: Design principles for distributed embedded applications
260 _bKluwer
_aSan Francisco
_c1997
300 _a338
650 _aREALTIME SYSTEMS
999 _c722
_d722